An assessment of sustainability of the housing sector in new egyptian cities / (رقم التسجيلة. 179958)
[ عرض عادي ]
| 000 -LEADER | |
|---|---|
| fixed length control field | 04013namaa22004211i 4500 |
| 003 - CONTROL NUMBER IDENTIFIER | |
| control field | EG-GICUC |
| 005 - أخر تعامل مع التسجيلة | |
| control field | 20260504133717.0 |
| 008 - FIXED-LENGTH DATA ELEMENTS--GENERAL INFORMATION | |
| fixed length control field | 260504b |||a|||frm||| 000 0 eng d |
| 040 ## - CATALOGING SOURCE | |
| Original cataloguing agency | EG-GICUC |
| Language of cataloging | eng |
| Transcribing agency | EG-GICUC |
| Modifying agency | EG-GICUC |
| Description conventions | rda |
| 041 0# - LANGUAGE CODE | |
| Language code of text/sound track or separate title | eng |
| Language code of summary or abstract | eng |
| -- | ara |
| 049 ## - Acquisition Source | |
| Acquisition Source | Deposit |
| 082 04 - DEWEY DECIMAL CLASSIFICATION NUMBER | |
| Classification number | 333.7315 |
| 092 ## - LOCALLY ASSIGNED DEWEY CALL NUMBER (OCLC) | |
| Classification number | 333.7315 |
| Edition number | 21 |
| 097 ## - Degree | |
| Degree | M.Sc |
| 099 ## - LOCAL FREE-TEXT CALL NUMBER (OCLC) | |
| Local Call Number | Cai01.13.02.M.Sc.2025.He.A |
| 100 0# - MAIN ENTRY--PERSONAL NAME | |
| Authority record control number or standard number | Hebatallah Hicham Assaad, |
| Preparation | preparation. |
| 245 13 - TITLE STATEMENT | |
| Title | An assessment of sustainability of the housing sector in new egyptian cities / |
| Statement of responsibility, etc. | by Hebatallah Hicham Assaad ; Supervisors Prof. Dr. Tarek Abdellatif Aboul-Atta. |
| 246 15 - VARYING FORM OF TITLE | |
| Title proper/short title | تقييم استدامة قطاع الاسكان بالمدن المصرية الجديدة |
| 264 #0 - PRODUCTION, PUBLICATION, DISTRIBUTION, MANUFACTURE, AND COPYRIGHT NOTICE | |
| Date of production, publication, distribution, manufacture, or copyright notice | 2025. |
| 300 ## - PHYSICAL DESCRIPTION | |
| Extent | 277 pages : |
| Other physical details | illustrations ; |
| Dimensions | 30 cm. + |
| Accompanying material | CD. |
| 336 ## - CONTENT TYPE | |
| Content type term | text |
| Source | rda content |
| 337 ## - MEDIA TYPE | |
| Media type term | Unmediated |
| Source | rdamedia |
| 338 ## - CARRIER TYPE | |
| Carrier type term | volume |
| Source | rdacarrier |
| 502 ## - DISSERTATION NOTE | |
| Dissertation note | Thesis (M.Sc)-Cairo University, 2025. |
| 504 ## - BIBLIOGRAPHY, ETC. NOTE | |
| Bibliography, etc. note | Bibliography: pages 268-277. |
| 520 #3 - SUMMARY, ETC. | |
| Summary, etc. | This research deals with a study of the subject of re-classification of variables to maintain sustainability of the Egyptian housing sector. This study builds its framework based on recent research exploring various sustainability factors in the urban housing sector after studying various type of housing on 36th case study. A comprehensive systematic literature review has compiled one of the most extensive lists of sustainability factors related to urban housing. These factors are ranked according to their frequency of examination and classified by their scale and sector of influence. The results can fill the knowledge gap about the most significant factors affecting the sustainability of houses and guide policymakers to make their decisions and strategies more precisely regarding the needs of the housing sector. In this research" An integrative analysis of the results has been constructed to receive the most affected factors on sustainability . |
| 520 #3 - SUMMARY, ETC. | |
| Summary, etc. | يتناول هذا البحث دراسة موضوع إعادة تصنيف المتغيرات للحفاظ على استدامة قطاع الإسكان المصري. تبني هذه الدراسة إطارها بناءً على أبحاث حديثة تستكشف عوامل الاستدامة المختلفة في قطاع الإسكان الحضري بعد دراسة أنواع مختلفة من الإسكان في دراسة الحالة السادسة والثلاثين. وقد جمعت مراجعة منهجية شاملة للأدبيات واحدة من أكثر قوائم عوامل الاستدامة المتعلقة بالإسكان الحضري شمولاً. يتم تصنيف هذه العوامل وفقًا لتكرار فحصها وتصنيفها حسب نطاقها وقطاع تأثيرها. يمكن للنتائج أن تسد فجوة المعرفة حول أهم العوامل التي تؤثر على استدامة المنازل وتوجيه صانعي السياسات لاتخاذ قراراتهم واستراتيجياتهم بدقة أكبر فيما يتعلق باحتياجات قطاع الإسكان. في هذا البحث "تم إنشاء تحليل تكاملي للنتائج للحصول على أكثر العوامل تأثرًا بالاستدامة. |
| 530 ## - ADDITIONAL PHYSICAL FORM AVAILABLE NOTE | |
| Issues CD | Issues also as CD. |
| 546 ## - LANGUAGE NOTE | |
| Text Language | Text in English and abstract in Arabic & English. |
| 650 #0 - SUBJECT ADDED ENTRY--TOPICAL TERM | |
| Topical term or geographic name entry element | Sustainable design |
| 650 #0 - SUBJECT ADDED ENTRY--TOPICAL TERM | |
| Topical term or geographic name entry element | التصميم المستدام |
| 653 #1 - INDEX TERM--UNCONTROLLED | |
| Uncontrolled term | Sustainability |
| -- | New cities |
| -- | Housing Sector |
| -- | Housing Affordability |
| -- | Sustainable urban development |
| -- | الاستدامة |
| -- | المدن الجديدة |
| 700 0# - ADDED ENTRY--PERSONAL NAME | |
| Personal name | Tarek Abdellatif Aboul-Atta |
| Relator term | thesis advisor. |
| 900 ## - Thesis Information | |
| Grant date | 01-01-2025 |
| Supervisory body | Tarek Abdellatif Aboul-Atta |
| Discussion body | Mohamed EL-Baramlegy |
| -- | Hesham Hafez |
| Universities | Cairo University |
| Faculties | Faculty of Engineering |
| Department | Department of Architecture |
| 905 ## - Cataloger and Reviser Names | |
| Cataloger Name | Shimaa |
| 942 ## - ADDED ENTRY ELEMENTS (KOHA) | |
| Source of classification or shelving scheme | Dewey Decimal Classification |
| Koha item type | Thesis |
| Edition | 21 |
| Suppress in OPAC | No |
| Source of classification or shelving scheme | Home library | Current library | Date acquired | Inventory number | Full call number | Barcode | Date last seen | Effective from | Koha item type |
|---|---|---|---|---|---|---|---|---|---|
| Dewey Decimal Classification | المكتبة المركزبة الجديدة - جامعة القاهرة | قاعة الرسائل الجامعية - الدور الاول | 04.05.2026 | 93969 | Cai01.13.02.M.Sc.2025.He.A | 01010110093969000 | 04.05.2026 | 04.05.2026 | Thesis |